आधुनिक ज्योतिष / (Record no. 120834)

MARC details
000 -LEADER
fixed length control field 01099nam a22002657a 4500
005 - DATE AND TIME OF LATEST TRANSACTION
control field 20170124103203.0
010 ## - LIBRARY OF CONGRESS CONTROL NUMBER
LC control number B-038411
020 ## - INTERNATIONAL STANDARD BOOK NUMBER
Terms of availability 300.00
International Standard Book Number 8185829743
035 ## - SYSTEM CONTROL NUMBER
System control number B-038411
037 ## - SOURCE OF ACQUISITION
Source of stock number/acquisition Cen Lib/Ret
040 ## - CATALOGING SOURCE
Original cataloging agency DPL
Language of cataloging HN
082 ## - DEWEY DECIMAL CLASSIFICATION NUMBER
Classification number 133.5
Item number गौड़र
100 ## - MAIN ENTRY--PERSONAL NAME
Personal name गौड़, रघुनन्दनप्रसाद
9 (RLIN) 70127
245 ## - TITLE STATEMENT
Title आधुनिक ज्योतिष /
Statement of responsibility, etc रघुनन्दनप्रसाद गौड़
246 ## - VARYING FORM OF TITLE
Title proper/short title Adhunik jyotish /
Remainder of title by Raghunandan Prasad Gaur
260 ## - PUBLICATION, DISTRIBUTION, ETC. (IMPRINT)
Place of publication, distribution, etc दिल्ली
Name of publisher, distributor, etc ज्ञान गंगा
Date of publication, distribution, etc 2000
270 ## - ADDRESS
Address 205-सी चावड़ी बाज़ार
City दिल्ली
Postal code 110006
300 ## - PHYSICAL DESCRIPTION
Extent 384पृ.
Dimensions 21सेमी(सजिल्द)
500 ## - GENERAL NOTE
General note अनुक्रमणिका शामिल
650 ## - SUBJECT ADDED ENTRY--TOPICAL TERM
Topical term or geographic name as entry element नक्षत्र परिचय
9 (RLIN) 92866
650 ## - SUBJECT ADDED ENTRY--TOPICAL TERM
Topical term or geographic name as entry element इष्ट साधन
9 (RLIN) 1541
650 ## - SUBJECT ADDED ENTRY--TOPICAL TERM
Topical term or geographic name as entry element Constellation introduction
9 (RLIN) 92867
650 ## - SUBJECT ADDED ENTRY--TOPICAL TERM
Topical term or geographic name as entry element Favored instrument
9 (RLIN) 92868
942 ## - ADDED ENTRY ELEMENTS (KOHA)
Source of classification or shelving scheme Dewey Decimal Classification
Koha item type Hindi Books
Classification part 133.5
Call number suffix गौड़र
Holdings
Withdrawn status Lost status Damaged status Not for loan Home library Current library Date acquired Source of acquisition Cost, normal purchase price Total Checkouts Full call number Barcode Date last seen Copy number Cost, replacement price Price effective from Koha item type
        Central Library Central Library 29/09/2015 Cen Lib/Ret 300.00   133.5 गौड़र B-038411 29/09/2015 1 300.00 29/09/2015 Hindi Books

© Delhi Public Library
Hit Counter
free hit counter